Misalignment and managed exchange rates an application to the Thai Baht

Enregistré dans:
Détails bibliographiques
Auteur principal: Lim, Guay-Cheng
Format: Livre
Langue:anglais
Publié: Washington International Monetary Fund 2000
Collection:IMF Working Paper WP/00/63
Sujets:
Tags: Ajouter un tag
Pas de tags, Soyez le premier à ajouter un tag!

MARC

LEADER 00000nam a2200000 4500
001 c124209
005 20221221082956.3
041 0 |a eng 
044 |a US 
245 1 0 |a Misalignment and managed exchange rates  |b an application to the Thai Baht  |c Guay-Cheng Lim 
264 1 |a Washington  |b International Monetary Fund  |c 2000 
300 |a 28 s. 
490 1 |a IMF Working Paper  |v WP/00/63 
830 0 |a IMF Working Paper  |v WP/00/63 
610 2 0 |a kurz výmenný 
610 2 0 |a Thajsko 
610 2 0 |a analýza radov časových 
610 2 0 |a simulácia 
100 1 |a Lim, Guay-Cheng